000
00256nam a22001217a 4500
008
171127b xxu||||| |||| 00| 0 eng d
041
_a
eng
080
_a
070
100
_a
30
101
_a
EDU
245
_a
COVER.LETTER MAGIC
_c
FRITZ.A
942
_2
udc
_c
BK
999
_c
38554
_d
38554